Manufacturing technology / (Record no. 3976)

000 -LEADER
fixed length control field 00418nam a22001577a 4500
008 - FIXED-LENGTH DATA ELEMENTS--GENERAL INFORMATION
fixed length control field 200709b ||||| |||| 00| 0 eng d
082 00 - DEWEY DECIMAL CLASSIFICATION NUMBER
Classification number 670
Item number T5839
100 ## - MAIN ENTRY--PERSONAL NAME
9 (RLIN) 3283
Personal name Timings, R. L.
245 10 - TITLE STATEMENT
Title Manufacturing technology /
250 ## - EDITION STATEMENT
Edition statement 2nd ed.
260 ## - PUBLICATION, DISTRIBUTION, ETC. (IMPRINT)
Place of publication, distribution, etc England
Name of publisher, distributor, etc Longman
Date of publication, distribution, etc 1984
300 ## - PHYSICAL DESCRIPTION
Extent 269 p.
490 0# - SERIES STATEMENT
Series statement Longman Technician Series
650 #0 - SUBJECT ADDED ENTRY--TOPICAL TERM
Topical term or geographic name as entry element Manufacturing processes
942 ## - ADDED ENTRY ELEMENTS (KOHA)
Item type Books
Holdings
Withdrawn status Lost status Source of classification or shelving scheme Damaged status Not for loan Permanent location Current location Date acquired Full call number Barcode Date last seen Koha item type
          IMU Kolkata IMU Kolkata 2020-07-09 670 T5839 07182 2020-07-09 Books
Designed and Maintained by IMU-KC Library, Kolkata Campus © Copyright All Rights Reserved

webs counters

Powered by Koha